Understanding Management (Record no. 1878)

MARC details
000 -LEADER
fixed length control field 00347nam a22001457a 4500
008 - FIXED-LENGTH DATA ELEMENTS--GENERAL INFORMATION
fixed length control field 250107b |||||||| |||| 00| 0 eng d
020 ## - INTERNATIONAL STANDARD BOOK NUMBER
ISBN 0030318165
100 ## - MAIN ENTRY--AUTHOR
Author DAFT, Richardo L.
245 ## - TITLE STATEMENT
Title Understanding Management
250 ## - EDITION STATEMENT
Edition statement 3rd
260 ## - PUBLICATION, DISTRIBUTION, ETC. (IMPRINT)
Place of publication Orlando
Name of publisher Harrcourt Inc.
Date of publication 2001
300 ## - COLLATION
Pagination xvi, 603p.
942 ## - ADDED ENTRY ELEMENTS (KOHA)
Item type Books
050 ## - LIBRARY OF CONGRESS CALL NUMBER
Classification number HD31
Item number .O34
Holdings
Source of classification or shelving scheme Not for loan Permanent location Current location Date acquired Accession No. Full call number Barcode. Koha item type
Library of Congress Classification   Samuel Ogbemudia Main Library, University of Abuja Samuel Ogbemudia Main Library, University of Abuja 01/07/2025 2008/37511 HD31.O34 2025-0010 Books